Reglament general dels Tallers de la Casa de Caritat
Descripción Física:
23 p. ; 12 cm
MARC
| LEADER | 00000nam a2200000Ia 4500 | ||
|---|---|---|---|
| 001 | 9213 | ||
| 008 | 160829s1933 xx 000 0 cat d | ||
| 080 | |a RF-3-79 | ||
| 245 | |a Reglament general dels Tallers de la Casa de Caritat | ||
| 260 | |a Barcelona : |b (Imp. Casa Caritat), |c 1933 | ||
| 300 | |a 23 p. ; |c 12 cm | ||
| 590 | |a Hi ha un duplicat: DUP-21-11 | ||
| 650 | |a Casa de Caritat (Barcelona). Tallers |x Reglaments i procediment |9 22803 | ||
| 710 | |a Casa de Caritat (Barcelona, Catalunya) |9 52406 | ||
| 856 | 4 | |u https://media.diba.cat/diba/fitxers/arxiu/fulletons/bib_9213_1933_baixa.pdf |y Accés lliure | |
| 856 | 4 | |u https://media.diba.cat/diba/fitxers/arxiu/fulletons/bib_9213_1933_baixa.pdf |y Accés lliure | |
| 901 | |a Arxiu | ||
| 942 | |n 1 |2 udc | ||
| 952 | |0 0 |1 0 |4 0 |6 RF379 |7 1 |9 42340 |a Arxiu |b Arxiu |d 2016-12-01 |l 0 |o RF-3-79 |p 9213 |r 2016-12-01 00:00:00 |w 2016-12-01 |y ARXIU | ||
| 999 | |c 44818 |d 44818 | ||
| 900 | |a bib_9213_1933_baixa.pdf | ||